02_青森県の市町村(ひらがな対応・五十音順) - Statistics

General Stats
  • This quiz has been taken 120 times
  • The average score is 33 of 40
Answer Stats
種類 市町村名 % Correct
八戸市
99%
青森市
97%
むつ市
97%
五所川原市
96%
つがる市
96%
弘前市
96%
五戸町
94%
三戸町
94%
七戸町
94%
十和田市
94%
六戸町
94%
三沢市
91%
鰺ヶ沢町
90%
黒石市
88%
平川市
88%
大間町
87%
六ヶ所村
87%
深浦町
86%
今別町
83%
おいらせ町
83%
野辺地町
83%
横浜町
83%
蓬田村
81%
田舎館村
80%
大鰐町
80%
外ヶ浜町
80%
中泊町
80%
風間浦村
77%
田子町
72%
東通村
72%
佐井村
71%
平内町
71%
東北町
70%
階上町
70%
南部町
68%
藤崎町
68%
鶴田町
67%
西目屋村
67%
板柳町
65%
新郷村
59%
No matching quizzes found
Score Distribution
Percent of People with Each Score
Percentile by Number Answered
Your Score History
You have not taken this quiz